ბათუმის შოთა რუსთაველის სახელმწიფო უნივერსიტეტის ბიბლიოთეკა

ჩანაწერი Corporate Name

ჩანაწერთა რაოდენობა, რომელიც გამოყენებულია: 1

001 - CONTROL NUMBER

  • control field: 19299

003 - CONTROL NUMBER IDENTIFIER

  • control field: GE_BSU

005 - DATE AND TIME OF LATEST TRANSACTION

  • control field: 20230713113325.0

008 - FIXED-LENGTH DATA ELEMENTS

  • fixed length control field: 230713|| aca||aabn | a|a d

040 ## - CATALOGING SOURCE

  • Original cataloging agency: GE_BSU
  • Transcribing agency: GE_BSU

110 ## - HEADING--CORPORATE NAME

  • Corporate name or jurisdiction name as entry element: საქართველოს მეცნიერებათა ეროვნული აკადემია, გ.ჩუბინაშვილის სახ. ქართული ხელოვნების ისტორიისა და ძეგლთა დაცვის ეროვნული კვლევის ცენტრი.

670 ## - SOURCE DATA FOUND

  • Source citation: Work cat.: (GE_BSU): თუმანიშვილი, დიმიტრი. (ავტორი). 19297, ვახტანგ ბერიძე 100 /